Ak sa rozhodnete pre podnikanie
Úkony spojené so začiatkom podnikania. Podnikanie fyzickej osoby formou živnosti, alebo založenie firmy ako právnickej osoby. Štartovacie úvery. Pomoc Národnej agentúry pre rozvoj stredného a malého podnikania. Poskytnutie rizikového kapitálu. Sedem krokov pre začiatok.
Gespeichert in:
| 1. Verfasser: | |
|---|---|
| Format: | Buchkapitel |
| Sprache: | Slowakisch |
| Schlagworte: | |
| Tags: |
Keine Tags, Fügen Sie das erste Tag hinzu!
|
MARC
| LEADER | 00000naa$a2200000$$$4500 | ||
|---|---|---|---|
| 001 | 0057850 | ||
| 005 | 20231009072049.6 | ||
| 041 | 0 | |a slo | |
| 044 | |a SK | ||
| 245 | 1 | 0 | |a Ak sa rozhodnete pre podnikanie |c Milan Chvojka |
| 520 | |a Úkony spojené so začiatkom podnikania. Podnikanie fyzickej osoby formou živnosti, alebo založenie firmy ako právnickej osoby. Štartovacie úvery. Pomoc Národnej agentúry pre rozvoj stredného a malého podnikania. Poskytnutie rizikového kapitálu. Sedem krokov pre začiatok. | ||
| 610 | 2 | 0 | |a podnikanie |
| 610 | 2 | 0 | |a podnikatelia |
| 610 | 2 | 0 | |a založenie podniku |
| 610 | 2 | 0 | |a kapitál rizikový |
| 610 | 2 | 0 | |a investície |
| 610 | 2 | 0 | |a úver |
| 610 | 2 | 0 | |a živnosti |
| 610 | 2 | 0 | |a poisťovne |
| 100 | 1 | |a Chvojka, Milan | |